000 00543cam a2200145 4500500
005 20251228090650.0
041 _afre
042 _adc
100 1 0 _aBruley, Pauline
_eauthor
245 0 0 _aJean-Pierre Rioux, La Mort du lieutenant Péguy. 5 septembre 2014, Tallandier, 2014
260 _c2014.
500 _a10
786 0 _nBulletin de l’Amitié Charles Péguy | 146 | 2 | 2014-04-05 | p. 188-191 | 0180-8567
856 4 1 _uhttps://shs.cairn.info/revue-bulletin-de-lamitie-charles-peguy-2014-2-page-188?lang=fr&redirect-ssocas=7080
999 _c1602551
_d1602551